LEADER 00928naa a2200229 u 4500 001 000000093365 003 CaOOAMICUS 005 20070226130133.0 008 010703m19361937fr u000 u fre u 035 $a10895243 040 $aPUL(R)$bita 100 1 $aVitta, Cino,$d1873-1956.$0(OLS)http://pul/name/40866 245 13$aLa coopération internationale en matière d'agriculture /$cpar Cino Vitta. 260 $a[S. l. :$bs. n.],$c1935-1936. 300 $aP. [299-415] 504 $aBibliografia in nota. 650 4$aDiritto commerciale internazionale.$0(OLS)http://pul/subject/25158 650 4$aAgricoltura$xAspetti economici e sociali.$0(OLS)http://pul/subject/6664 773 0 $tRecueil des cours$gv.II (1936) 773 0 $tRecueil des cours 1936$w()59608 996 $6245$aLa coopération internationale en matière d'agriculture$9(OLS)http://pul/title/120236 996 $6260$a[S. l. :$bs. n.]$9(OLS)http://pul/publisher/47882 LEADER 01155nam a2200265 a 4500 001 000000108528 003 CaOOAMICUS 005 20071129150124.0 008 071129s2007 fr u000 u fre d 020 $a2-85021-179-6 040 $aUPS$bita$dTZ$dPUL$dLDB 100 1 $aGorea, Maria.$0(OLS)http://pul/name/66515 245 10$aJob repensé ou trahi? :$bomissions et raccourcis de la Septante /$cpar Maria Gorea. 260 $aParis :$bJ. Gabalda,$c2007. 300 $a244 p. ;$c24 cm. 490 1 $aEtudes bibliques.$aNouvelle série ;$v56 504 $aBibliografia: p. [229]-244. 630 04$aBiblia.$pV.T.$pIob.$0(OLS)http://pul/subject/17240 830 0$aEtudes bibliques.$pNouvelle série ;$v56.$0(OLS)http://pul/title/41897 850 $aPUL 852 $aPUL$W1$xSL Religione 1$y3$m5 G 56 (N.S.)$j123691$qStampati$B122623$CPULBib$Z2$F122623 $H105737 $82 941 1 $a8 996 $6020$a2-85021-179-6$9(OLS)http://pul/number/136415 996 $6245$aJob repensé ou trahi? :$bomissions et raccourcis de la Septante$9(OLS)http://pul/title/136555 996 $6260$aParis :$bJ. Gabalda$9(OLS)http://pul/publisher/48260